| 000 | 00436nam a2200157Ia 4500 | ||
|---|---|---|---|
| 008 | 210210b2000 xxu||||| |||| 00| 0 eng d | ||
| 020 | _a81 7648 205 6 | ||
| 082 | _a382.92 VASI | ||
| 100 | _aVASUDEVA (P K). | ||
| 245 | _aIndia & world trade organistion: planning & development. | ||
| 260 |
_aNew Delhi. _bNot Mentioned _c2000 |
||
| 300 | _axix,345 | ||
| 650 | _aW T O World Trade Organisation | ||
| 690 | _aTrade | ||
| 906 | _a057029 | ||
| 999 |
_c104564 _d104564 |
||